ՀՀ Գիտությունների ազգային ակադեմիայի հիմնարար գիտական գրադարան  =   Fundamental Scientific Library of NAS RA

Диагностические и идентификационные исследования объектов судебно-медицинской экспертизы : (Record no. 173275)

MARC details
000 -LEADER
fixed length control field 01356nam a2200229 u 4500
001 - CONTROL NUMBER
control field 000473215
003 - CONTROL NUMBER IDENTIFIER
control field AM-YeHGA
005 - DATE AND TIME OF LATEST TRANSACTION
control field 20250617133921.0
008 - FIXED-LENGTH DATA ELEMENTS--GENERAL INFORMATION
fixed length control field 060203s1988 ||| r 000 0 rus d
040 ## - CATALOGING SOURCE
Original cataloging agency AM-YeHGA
041 0# - LANGUAGE CODE
Language code of text/sound track or separate title rus
090 ## - LOCALLY ASSIGNED LC-TYPE CALL NUMBER (OCLC); LOCAL CALL NUMBER (RLIN)
-- 174716
245 00 - TITLE STATEMENT
Title Диагностические и идентификационные исследования объектов судебно-медицинской экспертизы :
Remainder of title Межвуз. сб. науч. тр. /
Statement of responsibility, etc. М-во здравоохранения РСФСР. Горьков. мед. ин-т им. С. М. Кирова; Под общ. ред. Н.С. Эделева.
260 ## - PUBLICATION, DISTRIBUTION, ETC.
Place of publication, distribution, etc. Горький :
Name of publisher, distributor, etc. ГМИ,
Date of publication, distribution, etc. 1988.
300 ## - PHYSICAL DESCRIPTION
Extent 169 с. :
Other physical details ил.
504 ## - BIBLIOGRAPHY, ETC. NOTE
Bibliography, etc. note Библиогр. в конце ст.
504 ## - BIBLIOGRAPHY, ETC. NOTE
Bibliography, etc. note Библиогр. указ. опубл. науч. работ и дис., выполн. чл. Горьков. науч. о-ва судеб. медиков в 1985-1988 гг. / Сост. Е.Г. Колпащиков: с. 161-167
650 14 - SUBJECT ADDED ENTRY--TOPICAL TERM
Topical term or geographic name entry element Исследования субъекты
653 0# - INDEX TERM--UNCONTROLLED
Uncontrolled term Судебно-медицинские исследования - Сборники
700 1# - ADDED ENTRY--PERSONAL NAME
Personal name Эделев, Николай Серафимович
Relator term ред.
Relationship edt
710 2# - ADDED ENTRY--CORPORATE NAME
Corporate name or jurisdiction name as entry element Горьковский медицинский институт им. С.М. Кирова
Holdings
Withdrawn status Lost status Damaged status Not for loan Collection Home library Current library Date acquired Total checkouts Full call number Barcode Date last seen Price effective from Koha item type Public note
        General Fundamental Scientific Library Fundamental Scientific Library 28/12/2016   340.6(082) 120610997 28/12/2016 28/12/2016 Գրքեր / Books 30 Days Loan


ՀՀ ԳԱԱ հիմնարար գիտական գրադարան
ՀՀ,Երևան 0019
Մարշալ Բաղրամյան 24/6
հեռախոս:(374-10) 52-47-50
Հետադարձ կապ

All site content, except where otherwise noted, is licensed under a
Creative Commons License